00732nam a2200181 a 450000100100000000500170001000800410002704000250006808200160009310000500010924500990015926000340025830000210029270000550031371000510036895201140041999900170053300002502920240307073947.0110209s1972 dr r 000 0 spa d aDO-SdBNPbspacBNPHU axxxxbS583e1 a Silié Gatón, José A., d1920-2014974710aÉtica profesional /cJosé A. Silié Gatón ; prólogo Víctor Melitón Rodríguez R. aSanto Domingo :bUASD,c1972. a225 P. ;c23 cm.1 aRodríguez R., Víctor Melitón,epról.973671 aUniversidad Autónoma de Santo Domingo972951 0010718PDaPDbPDcHDd2011-02-09iLF1l0oxxxx S583ep25029-10r2020-06-25w2020-06-25yLFPDZNo se presta c24522d24522